[Event "Let's Play Chess!"]
[Site "http://www.queenalice.com/game.php?id=113439"]
[Date "2006.10.5"]
[Round "-"]
[White "vila1"]
[Black "booray"]
[Result "1-0"]
[WhiteElo "1975"]
[BlackElo "1405"]

1. c4 e5 2. Nc3 Bb4 3. Qb3 Nc6 4. e3 Nf6 5. a3 Bxc3 6. Qxc3 d5 7. Ne2 d4 8. Qd3
Be6 9. b3 e4 10. Qb1 d3 11. Nc3 a6 12. g3 Qd7 13. Bg2 Bf5 14. O-O O-O 15. Bb2
Ne5 16. f3 exf3 17. Bxf3 Bh3 18. Rf2 Rfe8 19. Bxb7 Ra7 20. Ne4 Nxe4 21. Bxe4 c6
22. Bxe5 Rxe5 23. Qxd3 Qxd3 24. Bxd3 c5 25. b4 Rd7 26. Bc2 h6 27. bxc5 Rxc5 28.
d3 a5 29. Rd1 Ra7 30. Rb1 g6 31. Rb5 Rcc7 32. a4 Bd7 33. Rb1 Kg7 34. h4 Rc5 35.
Bb3 Bf5 36. e4 Bg4 37. d4 Rcc7 38. c5 Bd7 39. Rxf7+ Kh8 40. Bd5 Rc8 41. Be6 Bxe6
42. Rxa7 Rd8 43. d5 Bg8 44. c6 Re8 45. c7 Re7 46. d6 Rxe4 47. c8=Q Rxa4 48. Qc3+
1-0

[Event "Challenge"]
[Site "http://www.queenalice.com/game.php?id=113440"]
[Date "2006.10.5"]
[Round "-"]
[White "ArionnOlsen"]
[Black "booray"]
[Result "1-0"]
[WhiteElo "1464"]
[BlackElo "1487"]

1. d4 d5 2. Nc3 Nf6 3. Bg5 h6 4. Bh4 g5 5. Bg3 Nc6 6. Nb5 e5 7. dxe5 Ne4 8. Qd3
Qe7 9. e6 Nd6 10. exf7+ Qxf7 11. Bxd6 Bf5 12. Qe3+ Be6 13. Nxc7+ Kd8 14. Qxe6
Qxe6 15. Nxe6+ Kd7 16. Nxf8+ Kxd6 17. Ng6 Rhg8 18. Nf4 gxf4 19. f3 Nd4 20. O-O-O
Ke5 21. Rd3 b5 22. e3 fxe3 23. Rxe3+ Kf4 24. Kd2 b4 25. Ne2+ Nxe2 26. Bxe2 Rxg2
27. b3 d4 28. Re4+ Kf5 29. Rxd4 Ke5 30. Rxb4 Rd8+ 31. Ke3 Re8 32. Re4+ 1-0

[Event "Challenge"]
[Site "http://www.queenalice.com/game.php?id=113443"]
[Date "2006.10.5"]
[Round "-"]
[White "booray"]
[Black "ArionnOlsen"]
[Result "0-1"]
[WhiteElo "1382"]
[BlackElo "1554"]

1. e4 e5 2. Nf3 d6 3. Nc3 Nf6 4. Bc4 h6 5. d4 exd4 6. Nxd4 c5 7. Nf3 Bg4 8. h3
Bxf3 9. Qxf3 Nc6 10. a3 Nd4 11. Qd3 Be7 12. Bb5+ Nxb5 13. Qxb5+ Qd7 14. Qd3 O-O
15. O-O a6 16. Re1 b5 17. e5 dxe5 18. Rxe5 Qxd3 19. cxd3 Rad8 20. Rxe7 Rxd3 21.
Be3 b4 22. axb4 cxb4 23. Nd1 Rfd8 24. Rxa6 Rxd1+ 25. Kh2 Nd5 26. Re4 Nxe3 27.
Rxe3 R8d2 28. Rb3 Rxf2 29. Rb6 Rdd2 30. Rb8+ Kh7 31. Rg3 Rxb2 32. h4 h5 33. Rg5
g6 34. Kg1 Rfc2 35. Re8 b3 36. Re1 Ra2 37. Rb1 b2 38. Rxb2 Raxb2 39. Kh2 Rb4 40.
Kh3 Rc3+ 41. g3 f6 42. Ra5 Rbb3 43. Ra7+ Kh6 44. Ra6 Rxg3+ 45. Kh2 f5 46. Ra2 f4
47. Rg2 Rxg2+ 48. Kxg2 g5 49. hxg5+ Kxg5 50. Kf2 Rg3 51. Kf1 h4 0-1

[Event "Let's Play Chess!"]
[Site "http://www.queenalice.com/game.php?id=113590"]
[Date "2006.10.5"]
[Round "-"]
[White "smith_d"]
[Black "booray"]
[Result "0-1"]
[WhiteElo "1174"]
[BlackElo "1410"]

1. e4 e5 2. Nf3 Nc6 3. Bb5 Nf6 4. O-O Nxe4 5. d4 Bd6 6. a3 b6 7. c4 Bb7 8. Nc3
a6 9. Bxc6 Bxc6 10. d5 Nxc3 11. bxc3 Bb7 12. Re1 f6 13. Bf4 O-O 14. Be3 a5 15.
a4 Qe7 16. Nh4 Ba6 17. Nf5 Qf7 18. Qd3 Rfe8 19. Bh6 g6 20. Ng7 Re7 21. Rab1 Bc5
22. Rb2 d6 23. Ne6 g5 24. Ng7 Bc8 25. h3 f5 26. Bxg5 Qxg7 27. Bxe7 Qxe7 28. Qg3+
Kh8 29. Kh2 f4 30. Qf3 Bd7 31. g4 fxg3+ 32. fxg3 Rg8 33. g4 Qh4 34. Rf1 Bxg4 35.
Qxg4 Rxg4 36. Rg2 Rxg2+ 37. Kxg2 Qg5+ 38. Kh2 Qd2+ 39. Kh1 e4 40. Rf8+ Kg7 41.
Rc8 Qd1+ 42. Kh2 Qg1# 0-1

[Event "Let's Play Chess!"]
[Site "http://www.queenalice.com/game.php?id=113679"]
[Date "2006.10.5"]
[Round "-"]
[White "vila1"]
[Black "booray"]
[Result "1-0"]
[WhiteElo "1950"]
[BlackElo "1346"]

1. c4 c5 2. Nc3 e5 3. e4 d6 4. Nf3 Nf6 5. Be2 Nc6 6. O-O Be7 7. d3 Nd4 8. Rb1
Bg4 9. Nxd4 cxd4 10. Bxg4 dxc3 11. bxc3 Qa5 12. Rb3 Nxg4 13. Qxg4 O-O 14. Ba3
Qd8 15. Rxb7 Bg5 16. Rd7 Qf6 17. Rxd6 Qe7 18. Ra6 Qb7 19. Bxf8 Qxa6 20. Bxg7
Kxg7 21. Qxg5+ Qg6 22. Qxe5+ Kg8 23. Qg3 Qxg3 24. fxg3 a5 25. Rf5 a4 26. a3 Kg7
27. Kf2 Rb8 28. Ke3 Rb3 29. c5 Rxa3 30. Kd4 Ra2 31. c6 Rxg2 32. c7 a3 33. c8=Q
a2 34. Ra5 Rxh2 35. Qg4+ 1-0

[Event "Let's Play Chess!"]
[Site "http://www.queenalice.com/game.php?id=118819"]
[Date "2006.10.19"]
[Round "-"]
[White "Gota"]
[Black "booray"]
[Result "0-1"]
[WhiteElo "1050"]
[BlackElo "1404"]

1. e4 e5 2. Bc4 Nf6 3. g3 Nxe4 4. Bd3 Nc5 5. Bc4 d5 6. Bb5+ Bd7 7. Qe2 Bd6 8.
Nc3 c6 9. Bd3 O-O 10. Qh5 Nxd3+ 11. cxd3 d4 12. Na4 b5 13. b3 bxa4 14. Qf3 Na6
15. Rb1 Nb4 16. Ba3 Nc2+ 17. Ke2 Nxa3 18. Rb2 c5 19. b4 Rb8 20. h4 cxb4 21. Nh3
Qc8 22. Qe4 Bc6 23. Rc2 Nxc2 24. Ng5 Bxe4 0-1

[Event "Let's Play Chess!"]
[Site "http://www.queenalice.com/game.php?id=118827"]
[Date "2006.10.19"]
[Round "-"]
[White "booray"]
[Black "tiolee2006"]
[Result "0-1"]
[WhiteElo "1431"]
[BlackElo "1677"]

1. Nc3 d5 2. d4 Bf5 3. Nf3 e6 4. Nb5 Nc6 5. Bf4 Bd6 6. Nxd6+ cxd6 7. e3 Nb4 8.
Bd3 Bxd3 9. cxd3 Qa5 10. O-O Nf6 11. a3 Nc6 12. Bxd6 Rd8 13. Be5 Nxe5 14. dxe5
Ne4 15. dxe4 dxe4 16. Qe2 O-O 17. Ng5 Qxe5 18. Qc4 Qxg5 19. Qxe4 b5 20. b4 Rd5
21. a4 Qh6 22. axb5 Rxb5 23. Rxa7 Rh5 24. Ra8 Rxh2 25. Rxf8+ Kxf8 26. g3 f5 27.
Qa8+ Kf7 28. f4 Rh3 29. Qg2 Rh5 30. b5 g5 31. Qa8 gxf4 32. exf4 Qg6 33. Kf2 Rh2+
34. Ke1 Qxg3+ 35. Kd1 Qd3+ 36. Ke1 Qe2# 0-1

[Event "Let's Play Chess!"]
[Site "http://www.queenalice.com/game.php?id=118829"]
[Date "2006.10.19"]
[Round "-"]
[White "booray"]
[Black "occult"]
[Result "0-1"]
[WhiteElo "1407"]
[BlackElo "1553"]

1. e4 e5 2. Nf3 Nc6 3. d3 Nf6 4. Bg5 Be7 5. Nc3 h6 6. Bxf6 Bxf6 7. Nd5 d6 8. h3
Be6 9. Qd2 Bxd5 10. exd5 Ne7 11. c4 c6 12. dxc6 Nxc6 13. Be2 O-O 14. O-O Re8 15.
b4 a6 16. a4 e4 17. Ra3 d5 18. c5 Nd4 19. a5 Nb5 20. Ra4 Qd7 21. dxe4 Rxe4 22.
Bxb5 Qxb5 23. Ra2 Qxb4 24. Qxd5 Rd8 25. Qh5 Qc4 26. Raa1 Bxa1 27. Rxa1 Qd5 28.
Qxd5 Rxd5 29. Rc1 Ra4 30. c6 bxc6 31. Rxc6 Raxa5 32. Rc1 Rdc5 33. Rxc5 Rxc5 34.
Nd2 Rc8 35. Nb3 Rb8 36. Na5 Rb5 37. Nc4 a5 38. Na3 Rb3 39. Nc4 a4 40. Kf1 a3 41.
Nxa3 Rxa3 42. f4 f5 43. Kf2 Kf7 44. g3 g5 45. fxg5 hxg5 46. h4 gxh4 47. gxh4 Kg6
48. Kg2 Kh5 49. Kf2 Kxh4 0-1

[Event "Let's Play Chess!"]
[Site "http://www.queenalice.com/game.php?id=118830"]
[Date "2006.10.19"]
[Round "-"]
[White "Gota"]
[Black "booray"]
[Result "0-1"]
[WhiteElo "1177"]
[BlackElo "1362"]

1. e4 e5 2. d4 Nf6 3. g3 Nc6 4. dxe5 Nxe5 5. Bf4 Neg4 6. Nc3 Bb4 7. Bh3 Bc5 8.
Bxg4 Nxg4 9. Be3 Nxe3 10. fxe3 Bxe3 11. Qe2 Qg5 12. h4 Qxg3+ 13. Kf1 Bxg1 14.
Rxg1 Qxh4 15. e5 O-O 16. Rg4 Qh5 17. Qg2 g6 18. Rg5 Qh4 19. Rg4 Qe7 20. Ne2 Qxe5
21. Re4 Qxb2 22. Re1 Qxc2 23. Ng3 Qxg2+ 24. Kxg2 b6 25. Re8 Bb7+ 26. Kf2 Raxe8
27. Ne2 Rxe2+ 28. Kxe2 Re8+ 0-1

[Event "Let's Play Chess!"]
[Site "http://www.queenalice.com/game.php?id=119828"]
[Date "2006.10.22"]
[Round "-"]
[White "bluestuff370"]
[Black "booray"]
[Result "1-0"]
[WhiteElo "1656"]
[BlackElo "1393"]

1. d4 d5 2. Nf3 b6 3. e3 Nf6 4. Bd3 e6 5. O-O c5 6. c4 Be7 7. cxd5 exd5 8. Bb5+
Bd7 9. Qa4 O-O 10. Ne5 c4 11. Nxd7 Nfxd7 12. Bc6 Nxc6 13. Qxc6 Nf6 14. Nc3 Rc8
15. Qa4 a5 16. Qd1 h6 17. f3 Qe8 18. e4 Bb4 19. e5 Nd7 20. Nxd5 Qe6 21. Nxb4
axb4 22. f4 Qe7 23. f5 f6 24. e6 Nb8 25. d5 c3 26. d6 Qa7 27. e7 Rfe8 28. Qb3+
Kh8 29. Qxb4 c2 30. Bf4 b5+ 31. Kh1 Qb6 32. Qd2 Nd7 33. Rf3 Qc6 34. Rc1 Ne5 35.
Rc3 Qd7 36. Rxc8 Rxc8 37. Bxe5 fxe5 38. f6 Kg8 39. Qd5+ Kh8 40. f7 Qc6 41. Qxc6
1-0

[Event "Let's Play Chess!"]
[Site "http://www.queenalice.com/game.php?id=119829"]
[Date "2006.10.22"]
[Round "-"]
[White "bluestuff370"]
[Black "booray"]
[Result "1-0"]
[WhiteElo "1803"]
[BlackElo "1385"]

1. d4 d5 2. Nf3 Nc6 3. e3 e6 4. Bd3 Nf6 5. a3 a6 6. c4 Bd6 7. cxd5 exd5 8. O-O
h6 9. Re1 Bg4 10. Nbd2 O-O 11. h3 Bxf3 12. Nxf3 b5 13. b4 Ne4 14. Nd2 Qf6 15.
Nxe4 dxe4 16. Bxe4 Be7 17. Bxc6 Qxc6 18. e4 Qd7 19. f4 f6 20. f5 c6 21. Qb3+ Kh8
22. Be3 Rfe8 23. Rad1 Bf8 24. Bf2 Kh7 25. d5 Qd6 26. Bc5 Qd7 27. Bxf8 Rxf8 28.
dxc6 Qxc6 29. Rc1 Qb6+ 30. Kf1 Rfe8 31. Qf7 a5 32. Rc7 Rg8 33. Rb7 Qa6 34. Qd5
axb4 35. axb4 Rgb8 36. Rxb8 Rxb8 37. e5 fxe5 38. Qxe5 Rb7 39. Kg1 Qa4 40. Qd6
Rf7 41. Qg6+ Kg8 42. Re8+ Rf8 43. Qe6+ Kh7 44. Rxf8 Qxb4 45. Qg6# 1-0

[Event "Let's Play Chess!"]
[Site "http://www.queenalice.com/game.php?id=119836"]
[Date "2006.10.22"]
[Round "-"]
[White "booray"]
[Black "Thepot"]
[Result "0-1"]
[WhiteElo "1346"]
[BlackElo "1885"]

1. Nc3 d5 2. d4 Nf6 3. Bg5 Bf5 4. Bxf6 gxf6 5. e3 e6 6. g4 Bg6 7. a3 h5 8. h4
hxg4 9. Qxg4 Bxc2 10. h5 Nc6 11. Bb5 Qd6 12. Qh4 Be7 13. h6 O-O-O 14. Qh5 Bg6
15. Qe2 Bf8 16. e4 Nxd4 17. Qd2 Nb3 18. Qd1 Nxa1 19. Qxa1 Bxh6 20. Be2 Bd2+ 21.
Kxd2 dxe4+ 22. Ke1 Rxh1 23. Kf1 Qh2 24. Ke1 Qxg1+ 0-1

[Event "Let's Play Chess!"]
[Site "http://www.queenalice.com/game.php?id=132130"]
[Date "2006.11.21"]
[Round "-"]
[White "booray"]
[Black "cJw314"]
[Result "1-0"]
[WhiteElo "1363"]
[BlackElo "1417"]

1. e4 Nf6 2. e5 Nd5 3. Bc4 e6 4. Nf3 Bc5 5. O-O d6 6. d4 Bb6 7. Bxd5 exd5 8. Re1
O-O 9. Nc3 dxe5 10. Rxe5 Nc6 11. Re3 Bf5 12. a3 Qf6 13. Nb5 a6 14. Nxc7 Bxc7 15.
c3 Rae8 16. Qe1 Bf4 17. Rxe8 g6 18. Rxf8+ Kxf8 19. Bxf4 g5 20. Nxg5 Qe7 21. Qd2
1-0

[Event "Let's Play Chess!"]
[Site "http://www.queenalice.com/game.php?id=132131"]
[Date "2006.11.21"]
[Round "-"]
[White "chaian"]
[Black "booray"]
[Result "0-1"]
[WhiteElo "1468"]
[BlackElo "1385"]

1. e4 e5 2. d3 Nf6 3. Nf3 Nc6 4. Nc3 Bb4 5. Bd2 O-O 6. Nd5 Bxd2+ 7. Qxd2 b6 8.
Qg5 Kh8 9. Qh4 a5 10. Ng5 Nb4 11. Nxf6 h6 12. Ng4 Qxg5 13. Qxg5 hxg5 14. Kd1 d6
15. a3 Bxg4+ 16. f3 Bxf3+ 17. gxf3 Nc6 18. h4 gxh4 19. Rxh4+ Kg8 20. Kd2 f6 21.
Bh3 Kf7 22. Bf5 Ne7 23. Bg4 c5 24. Rg1 g5 25. Rh5 Ke8 26. Rh7 b5 27. Rgh1 Rg8
28. Be6 Rf8 29. Rh8 Ng6 30. R8h7 Ne7 31. R1h6 Kd8 32. Rh8 Kc7 33. R8h7 Rfe8 34.
Rxf6 Kb6 35. Rff7 Ra7 36. Rf5 Nxf5 37. Bxf5 Rxh7 38. Bxh7 Rh8 39. Bf5 Rh2+ 40.
Kd1 b4 41. Be6 Rf2 42. Bg4 bxa3 43. bxa3 Kb5 44. Bd7+ Kb6 45. a4 Rxf3 46. Ke2
Rf8 47. c3 Rd8 48. Bb5 g4 49. Kf2 Rf8+ 50. Kg3 Rf4 51. Bc4 Kc7 52. Be6 Rf3+ 53.
Kxg4 Rxd3 54. Kf5 Rxc3 55. Bd5 Ra3 56. Ke6 Rxa4 57. Kf5 c4 58. Bxc4 Rxc4 59. Ke6
Rxe4 60. Kd5 Rh4 61. Ke6 a4 62. Kf5 a3 63. Kg5 Rh1 64. Kf6 a2 65. Ke6 a1=Q 66.
Kd5 Rh6 67. Ke4 Qd4+ 68. Kf5 Qf4# 0-1

[Event "Let's Play Chess!"]
[Site "http://www.queenalice.com/game.php?id=132132"]
[Date "2006.11.21"]
[Round "-"]
[White "booray"]
[Black "mazzini"]
[Result "0-1"]
[WhiteElo "1427"]
[BlackElo "1500"]

1. d4 d5 2. h3 Nc6 3. f4 e6 4. a3 Nf6 5. Be3 Bd6 6. Qd2 O-O 7. Nc3 Na5 8. O-O-O
Nc4 9. Qd3 Nxe3 10. Qxe3 Nh5 11. g3 Qf6 12. Qf3 Qg6 13. Rd3 b6 14. Nb5 Ba6 15.
Nxc7 Bxc7 16. Rc3 Rac8 17. h4 Nxg3 18. Qxg3 Qxg3 19. Rxg3 Bxf4+ 20. e3 Bxg3 21.
Bxa6 Rc7 22. Ne2 Bf2 23. Rh3 Rc6 24. Nc3 Rb8 25. Nb5 g6 26. Nxa7 Rd6 27. Nb5 Rd7
28. Nc3 Be1 29. Bb5 Rc7 30. Ne2 h5 31. a4 f5 32. c3 Kg7 33. b4 Bxc3 34. Nxc3
Rxc3+ 35. Kb2 Rbc8 36. Rh2 Rxe3 37. a5 bxa5 38. bxa5 Rb8 39. Rc2 Rxb5+ 40. Kc1
Rxa5 41. Rc7+ Kf6 42. Kd2 Rh3 43. Rc8 Ra2+ 0-1

[Event "Let's Play Chess!"]
[Site "http://www.queenalice.com/game.php?id=132133"]
[Date "2006.11.21"]
[Round "-"]
[White "cJw314"]
[Black "booray"]
[Result "0-1"]
[WhiteElo "1399"]
[BlackElo "1398"]

1. e4 e5 2. Nf3 d6 3. d4 Nf6 4. dxe5 Nxe4 5. Qd5 f5 6. Ng5 Qe7 7. e6 Nxg5 8.
Qxf5 h6 9. Bc4 Bxe6 10. Qb5+ Bd7+ 11. Be3 Bxb5 12. Bxb5+ c6 13. Bc4 Nd7 14. O-O
a6 15. Re1 O-O-O 16. Nd2 d5 17. Bd4 Qb4 18. Bc3 Qc5 19. Nb3 Qxc4 20. Na5 Qg4 21.
Bd2 Nf3+ 22. Kf1 Nxe1 23. Rxe1 Bd6 0-1

[Event "Let's Play Chess!"]
[Site "http://www.queenalice.com/game.php?id=133114"]
[Date "2006.11.24"]
[Round "-"]
[White "CampbellMarcel"]
[Black "booray"]
[Result "0-1"]
[WhiteElo "741"]
[BlackElo "1385"]

1. e4 e5 2. Bc4 Nf6 3. Nf3 Nxe4 4. Nxe5 d5 5. Qf3 f6 6. Bb5+ c6 7. Nxc6 bxc6 8.
Bxc6+ Nxc6 9. O-O Bc5 10. d3 Ng5 11. Bxg5 fxg5 12. Re1+ Ne7 13. Nc3 Bb4 14. Re2
Rf8 15. Qh5+ g6 16. Qxh7 Qd6 17. Nxd5 Be6 18. Nxe7 Qxe7 19. Qxg6+ Kd7 20. c3 Bc5
21. d4 Bb6 22. Rae1 Qf7 23. Qxe6+ Qxe6 24. Rxe6 Bd8 25. c4 Bf6 26. d5 Bxb2 27.
c5 Kc7 28. d6+ Kc6 29. d7+ Kxd7 30. c6+ Kc7 0-1

[Event "Let's Play Chess!"]
[Site "http://www.queenalice.com/game.php?id=133115"]
[Date "2006.11.24"]
[Round "-"]
[White "booray"]
[Black "CampbellMarcel"]
[Result "1-0"]
[WhiteElo "1385"]
[BlackElo "741"]

1. e4 c5 2. d4 d5 3. e5 e6 4. Nf3 Nc6 5. Bb5 Ne7 6. dxc5 a6 7. Bxc6+ Nxc6 8. Be3
Be7 9. O-O O-O 10. a3 f5 11. exf6 Bxf6 12. Qd2 Bxb2 13. Ra2 Bf6 14. Re1 Ne5 15.
Nxe5 h6 16. Qb4 Bxe5 17. f4 a5 18. Qb5 Bd7 19. Qxb7 Rb8 20. Qa6 Bxf4 21. Bxf4
Rxf4 22. Qd6 Re4 23. Rf1 Bb5 24. Rb2 Qxd6 25. cxd6 Bxf1 26. Rxb8+ Kh7 27. Nd2
1-0

[Event "Let's Play Chess!"]
[Site "http://www.queenalice.com/game.php?id=135903"]
[Date "2006.12.1"]
[Round "-"]
[White "booray"]
[Black "LionAdnel"]
[Result "0-1"]
[WhiteElo "1385"]
[BlackElo "1883"]

1. e4 e5 2. Bc4 Nc6 3. d3 d6 4. Nf3 Bg4 5. O-O Nd4 6. Nbd2 Qf6 7. h3 Bh5 8. c3
Nxf3+ 9. Nxf3 Bxf3 10. Qxf3 Qxf3 11. gxf3 g6 12. Be3 Bg7 13. f4 Ne7 14. d4 O-O-O
15. Bxf7 Rhf8 16. Be6+ Kb8 17. dxe5 dxe5 18. fxe5 Bxe5 19. Bg5 Bf6 20. f4 Rd2
21. e5 Bxg5 22. fxg5 Rfd8 23. Rf7 Nc6 24. Rxh7 Nxe5 25. b4 Nf3+ 26. Kh1 Rh2# 0-1